000 00523cam a22002172a 4500
001 010419
003 AR-FADEU
008 311216n1975####xxu####################dd
092 _aD348.63
_bK93-6
100 _aKrotoschin, Ernesto
245 _aCódigo del trabajo : anotado
250 _a6a. ed
260 _aBuenos Aires
260 _bDepalma
260 _c1975
300 _a1331
500 _aIncluye: Apéndice p. 1289-1300
700 _aJorge A. F., Ratti
650 _aCODIGO DE TRABAJO
942 _cBDGR
999 _c16209
_d16209